[Event "Festival Principale"]
[Site "Caorle ITA"]
[Date "1992.07.??"]
[Round "?"]
[White "Cardinali Marco"]
[Black "Wagman, Stuart"]
[WhiteElo "2129"]
[BlackElo "2215"]
[Result "0-1"]
[PlyCount "68"]
[EventDate "1992.07.03"]

1. d4 d5 2. c4 c6 3. Nf3 Nf6 4. Nc3 dxc4 5. a4 Bf5 6. e3 e6 7. Bxc4 Bb4 8. O-O
Nbd7 9. Qe2 Bg6 10. Rd1 O-O 11. Ne5 Nxe5 12. dxe5 Nd7 13. f4 Qe7 14. e4 f6 15.
exf6 Nxf6 16. e5 Nd5 17. Nxd5 cxd5 18. Bd3 Bxd3 19. Qxd3 Rac8 20. Be3 Bc5 21.
Rac1 Bxe3+ 22. Qxe3 Rxc1 23. Rxc1 Qb4 24. Rc7 Qxf4 25. Qxf4 Rxf4 26. Rxb7 Rxa4
27. b4 Ra6 28. Kf2 Rb6 29. Rxa7 Rxb4 30. Re7 Rb6 31. Ke3 Kf8 32. Rd7 Rb4 33.
Rd8+ Ke7 34. Rh8 h6 0-1

[Event "Festival Principale"]
[Site "Caorle ITA"]
[Date "1992.07.??"]
[Round "?"]
[White "Corvi, Marco"]
[Black "Mufic, Goran"]
[WhiteElo "2235"]
[BlackElo "2310"]
[Result "1-0"]
[PlyCount "77"]
[EventDate "1992.07.03"]

1. e4 c5 2. Nf3 Nc6 3. d4 cxd4 4. Nxd4 g6 5. Nc3 Bg7 6. Be3 Nf6 7. Nxc6 bxc6 8.
e5 Nd5 9. Nxd5 cxd5 10. Bd4 O-O 11. Bd3 d6 12. f4 dxe5 13. fxe5 f6 14. Qe2 fxe5
15. Bxe5 Qa5+ 16. c3 Bh6 17. h4 Qa4 18. Bd4 e5 19. Bb5 Ba6 20. Bxa4 Bxe2 21.
Bxe5 Bg4 22. Bd4 Rab8 23. Bc6 Rbd8 24. Rf1 Bf4 25. Kf2 Rd6 26. Bb5 Bh2+ 27. Ke3
Rb8 28. a4 a6 29. Bd3 Rxb2 30. Rf6 Rd8 31. Bxg6 Rb7 32. Raf1 Re7+ 33. Kd2 Be5
34. Bxe5 Rxe5 35. Bd3 d4 36. cxd4 Rxd4 37. Rf8+ Kg7 38. R1f7+ Kh6 39. Rxh7# 1-0

[Event "Festival Principale"]
[Site "Caorle ITA"]
[Date "1992.07.??"]
[Round "?"]
[White "Kragelj, Igor"]
[Black "Godena, Michele"]
[WhiteElo "2330"]
[BlackElo "2435"]
[Result "0-1"]
[PlyCount "42"]
[EventDate "1992.07.03"]

1. d4 d5 2. c4 e6 3. Nf3 c6 4. e3 Nf6 5. Nc3 Bd6 6. Bd3 Nbd7 7. b3 Bb4 8. Bd2
O-O 9. O-O Bd6 10. e4 dxc4 11. Bxc4 e5 12. dxe5 Nxe5 13. Nxe5 Bxe5 14. Qc2 b5
15. Be2 b4 16. Na4 Bxa1 17. Rxa1 Nxe4 18. Bxb4 Qd4 19. Bxf8 Qxa1+ 20. Bf1 Bf5
21. Ba3 Rd8 0-1

[Event "Festival Principale"]
[Site "Caorle ITA"]
[Date "1992.07.??"]
[Round "?"]
[White "Nurkic, Sahbaz"]
[Black "Barlocco, Carlo"]
[WhiteElo "2435"]
[BlackElo "2340"]
[Result "1-0"]
[PlyCount "79"]
[EventDate "1992.07.03"]

1. e4 c5 2. Nf3 Nc6 3. Bb5 e6 4. O-O Nge7 5. b3 d6 6. d4 cxd4 7. Nxd4 Bd7 8.
Bb2 Nxd4 9. Bxd7+ Qxd7 10. Qxd4 Nc6 11. Qd2 f6 12. Nc3 Be7 13. f4 O-O 14. f5
Rfd8 15. fxe6 Qxe6 16. Nd5 Rac8 17. c4 Bf8 18. Rae1 Ne5 19. Rf5 Re8 20. Ref1
Qf7 21. h3 Qg6 22. Qa5 a6 23. Qd2 Qg3 24. Nf4 b5 25. Bxe5 dxe5 26. Rf3 Red8 27.
Nd5 Qh4 28. Qe2 bxc4 29. bxc4 Qh6 30. Kh2 Qc1 31. Rc3 Qb1 32. Rg3 Rxd5 33. cxd5
Rc1 34. Rb3 Rh1+ 35. Kg3 Qc1 36. Qe3 Qa1 37. Rb8 Rc1 38. Rf3 Rc7 39. d6 Rf7 40.
Qb3 1-0

[Event "Festival Principale"]
[Site "Caorle ITA"]
[Date "1992.07.??"]
[Round "?"]
[White "Palmiotto, Fiorentino"]
[Black "Spajic, Lidija"]
[WhiteElo "2029"]
[BlackElo "2120"]
[Result "1-0"]
[PlyCount "43"]
[EventDate "1992.07.03"]

1. d4 Nf6 2. g3 d5 3. Bg2 g6 4. Nf3 Bg7 5. c4 O-O 6. cxd5 Qxd5 7. Nc3 Qh5 8. h3
Be6 9. Qa4 Nbd7 10. g4 b5 11. Nxb5 Nb6 12. gxh5 Nxa4 13. Nxc7 Rab8 14. Nxe6
fxe6 15. b3 Nc3 16. hxg6 hxg6 17. Ne5 Nfe4 18. Bf3 Bxe5 19. dxe5 Rbc8 20. Be3
Rc7 21. Rg1 Kh7 22. Rg4 1-0

[Event "Festival Principale"]
[Site "Caorle ITA"]
[Date "1992.07.??"]
[Round "?"]
[White "Pompili, Alberto"]
[Black "Rago, Riccardo"]
[WhiteElo "1812"]
[BlackElo "1800"]
[Result "0-1"]
[PlyCount "32"]
[EventDate "1992.07.03"]

1. e4 c5 2. c3 d5 3. exd5 Qxd5 4. d4 Nf6 5. Nf3 e6 6. Bd3 Nc6 7. O-O Be7 8. c4
Qd8 9. dxc5 Bxc5 10. Nc3 O-O 11. Bg5 Be7 12. Qe2 a6 13. Rad1 Qc7 14. Ne4 Ng4
15. Bxe7 Nd4 16. Nf6+ Kh8 0-1